00350nam a2200145Ia 4500003000400000008004100004040001600045082001600061100001500077245003200092700001600124260004700140300000700187650001000194GCL140319s9999 xx 000 0 eng d aGCL / cGCL04a616.23bR A1 aREES, JOHN10aABC OF ASHMA / cREES, JOHN1 aPRICE, JOHN a[S.N] : bB M J PUBLISHING GROUP ، c1995 a4904aASHMA